Konjugation von nolle - Statistiken

Allgemein
  • Dieses Quiz wurde 10 mal gespielt
  • Das Durchschnittsergebnis liegt bei 39 aus 64
Antwortstatistiken
Group Hint Antwort % Korrekt
Infinitive Inf. Präs. Akt. nolle
100%
Imperfekt 1. Sg. Impf. Ind. Akt. nolebam
71%
Imperfekt 1. Pl. Impf. Ind. Akt. nolebamus
71%
Imperfekt 3. Pl. Impf. Ind. Akt. nolebant
71%
Imperfekt 2. Sg. Impf. Ind. Akt. nolebas
71%
Imperfekt 3. Sg. Impf. Ind. Akt. nolebat
71%
Imperfekt 2. Pl. Impf. Ind. Akt. nolebatis
71%
Futur I 1. Pl. Fut. Ind. Akt. nolemus
71%
Futur I 3. Pl. Fut. Ind. Akt. nolent
71%
Futur I 2. Sg. Fut. Ind. Akt. noles
71%
Futur I 3. Sg. Fut. Ind. Akt. nolet
71%
Futur I 2. Pl. Fut. Ind. Akt. noletis
71%
Imperative Imp. Sg. Präs. Akt. noli
71%
Präsens 1. Sg. Präs. Konj. Akt. nolim
71%
Präsens 1. Pl. Präs. Konj. Akt. nolimus
71%
Präsens 3. Pl. Präs. Konj. Akt. nolint
71%
Präsens 2. Sg. Präs. Konj. Akt. nolis
71%
Präsens 3. Sg. Präs. Konj. Akt. nolit
71%
Imperative Imp. Pl. Präs. Akt. nolite
71%
Präsens 2. Pl. Präs. Konj. Akt. nolitis
71%
Imperfekt 2. Sg. Impf. Konj. Akt. nolles
71%
Präsens 1. Sg. nolo
71%
Perfekt 3. Pl. Perf. Ind. Akt. noluerunt
71%
Perfekt 1. Sg. Perf. Ind. Akt. nolui
71%
Perfekt 1. Pl. Perf. Ind. Akt. noluimus
71%
Perfekt 2. Sg. Perf. Ind. Akt. noluisti
71%
Perfekt 2. Pl. Perf. Ind. Akt. noluistis
71%
Perfekt 3. Sg. Perf. Ind. Akt. noluit
71%
Präsens 3. Pl. nolunt
71%
Imperfekt 1. Sg. Impf. Konj. Akt. nollem
57%
Imperfekt 1. Pl. Impf. Konj. Akt. nollemus
57%
Imperfekt 3. Pl. Impf. Konj. Akt. nollent
57%
Imperfekt 3. Sg. Impf. Konj. Akt. nollet
57%
Imperfekt 2. Pl. Impf. Konj. Akt. nolletis
57%
Plusquamperfekt 1. Sg. PQP Ind. Akt. nolueram
57%
Plusquamperfekt 1. Pl. PQP Ind. Akt. nolueramus
57%
Plusquamperfekt 3. Pl. PQP Ind. Akt. noluerant
57%
Plusquamperfekt 2. Sg. PQP Ind. Akt. nolueras
57%
Plusquamperfekt 3. Sg. PQP Ind. Akt. noluerat
57%
Plusquamperfekt 2. Pl. PQP Ind. Akt. nolueratis
57%
Infinitive Inf. Perf. Akt. noluisse
57%
Plusquamperfekt 1. Sg. PQP Konj. Akt. noluissem
57%
Plusquamperfekt 1. Pl. PQP Konj. Akt. noluissemus
57%
Plusquamperfekt 3. Pl. PQP Konj. Akt. noluissent
57%
Plusquamperfekt 2. Sg. PQP Konj. Akt. noluisses
57%
Plusquamperfekt 3. Sg. PQP Konj. Akt. noluisset
57%
Plusquamperfekt 2. Pl. PQP Konj. Akt. noluissetis
57%
Präsens 2. Sg. non vis
57%
Futur I 1. Sg. Fut. Ind. Akt. nolam
43%
Perfekt 1. Sg. Perf. Konj. Akt. noluerim
43%
Perfekt 1. Pl. Perf. Konj. Akt. noluerimus
43%
Futur II 1. Pl. Fut. II Akt. noluerimus
43%
Perfekt 3. Pl. Perf. Konj. Akt. noluerint
43%
Futur II 3. Pl. Fut. II Akt. noluerint
43%
Perfekt 2. Sg. Perf. Konj. Akt. nolueris
43%
Futur II 2. Sg. Fut. II Akt. nolueris
43%
Perfekt 3. Sg. Perf. Konj. Akt. noluerit
43%
Futur II 3. Sg. Fut. II Akt. noluerit
43%
Perfekt 2. Pl. Perf. Konj. Akt. nolueritis
43%
Futur II 2. Pl. Fut. II Akt. nolueritis
43%
Futur II 1. Sg. Fut. II Akt. noluero
43%
Präsens 1. Pl. nolumus
43%
Präsens 3. Sg. non vult
43%
Präsens 2. Pl. non vultis
43%
Keine übereinstimmenden Quizze gefunden
Verteilung der Resultate
Anzahl Personen mit jedem Resultat
Perzentil nach korrekt beantworteten Fragen
Ihre Resultats-Entwicklung
Sie haben dieses Quiz noch nicht gespielt